| 000 | 02200cam a2200457 4500500 | ||
|---|---|---|---|
| 005 | 20260426020055.0 | ||
| 041 | _afre | ||
| 042 | _adc | ||
| 100 | 1 | 0 |
_aKauffman, Judith _eauthor |
| 245 | 0 | 0 | _aL'humour (juif), arme des désarmés |
| 260 | _c2005. | ||
| 500 | _a56 | ||
| 520 | _aIntroduire le thème de l’humour dans un recueil d’études sur la victime, c’est y glisser la discordance d’une provocation. Certes l’humour figure parmi les tactiques traditionnelles de résistance qu’oppose à la société dominante une collectivité minoritaire, marginalisée et fragile. Mais connoté non sérieux, associé à une certaine légèreté irrespectueuse, il suppose une forme d’anesthésie affective et morale, une incongruité inacceptable dans la représentation des situations extrêmes. Et pourtant... | ||
| 520 | _a(Jewish) humor,weapon of the unarmed To introduce humor in a collection of studies on victims is to introduce a provocative discordance. Of course, humor features amongst the traditional means of resistance that a fragile and fringe minority has against a dominant society. But, connoted with a lack of seriousness and associated with a certain disrespectful light-heartedness, it implies a kind of affective and moral anesthesia, an unacceptable incongruity in the representation of extreme situations. | ||
| 690 | _aAccent yiddish | ||
| 690 | _aAlbert Cohen | ||
| 690 | _aBergson | ||
| 690 | _aDibbuk | ||
| 690 | _aHumour juif | ||
| 690 | _aLa danse de Gengis Cohn | ||
| 690 | _aLes Valeureux | ||
| 690 | _aRésistance | ||
| 690 | _aRévolte | ||
| 690 | _aRomain Gary | ||
| 690 | _aSavon | ||
| 690 | _aWitz | ||
| 690 | _aAlbert Cohen | ||
| 690 | _aBergson | ||
| 690 | _aDibbuk | ||
| 690 | _aGengis Cohn's dance | ||
| 690 | _aJewish humor | ||
| 690 | _aResistance | ||
| 690 | _aRevolt | ||
| 690 | _aRomain Gary | ||
| 690 | _aSoap | ||
| 690 | _aThe Valorous | ||
| 690 | _aWitz | ||
| 690 | _aYiddish accent | ||
| 786 | 0 | _nImaginaire & Inconscient | 15 | 1 | 2005-03-01 | p. 93-104 | 1628-9676 | |
| 856 | 4 | 1 | _uhttps://shs.cairn.info/revue-imaginaire-et-inconscient-2005-1-page-93?lang=fr&redirect-ssocas=7080 |
| 999 |
_c2225395 _d2225395 |
||